| 000 | 00716nam a2200229Ia 4500 | ||
|---|---|---|---|
| 005 | 20250425160756.0 | ||
| 008 | 250425s9999 xx 000 0 und d | ||
| 041 | _aspa | ||
| 082 | _a547.17 | ||
| 100 | _aCRABBE, PIERRE | ||
| 245 | 0 | _aACTIVIDAD OPTICA, DISPERSIÓN ROTATORIA OPTICA Y DICROISMO CIRCULAR EN QUÍMICA ORGÁNICA | |
| 250 | _a1A ED. | ||
| 260 |
_aEstados Unidos _bDEPARTAMENTO DE ASUNTOS CIENTÍFICOS DE LA SECRETARÍA GENERAL DE LA ORGANIZACIÓN DE LOS ESTADOS UNIDOS _c1974 |
||
| 260 | _aWASHINGTON | ||
| 300 | _a68 | ||
| 650 | _aACTIVIDAD OPTICA | ||
| 650 | _aDICROISMO CIRCULAR | ||
| 650 | _aDISPERSION ROTATORIA OPTICA | ||
| 650 | _aQUIMICA ORGANICA | ||
| 942 | _c01 | ||
| 010 | _a4960 | ||
| 999 |
_c195904 _d195904 |
||